Ленин. Человек - мыслитель - революционер: Воспоминания и суждения современников

Bibliografische gegevens
Andere auteurs: Гречихо С. Е. (составитель), Зимарин О. А., Сорокин А. К.
Taal:Russisch
Gepubliceerd in: Москва, Политиздат, 1990
Onderwerpen:
Formaat: Boek
KOHA link:https://koha.lib.tpu.ru/cgi-bin/koha/opac-detail.pl?biblionumber=374893

MARC

LEADER 00000nam0a2200000 4500
001 374893
005 20231102012704.0
010 |a 5250007163 
020 |a RU  |b 90-24449 
035 |a (RuTPU)RU\TPU\retro\32328 
035 |a RU\TPU\book\250785 
090 |a 374893 
100 |a 20221219d1990 m y0rusy5003 ca 
101 0 |a rus 
102 |a RU 
105 |a y z 001zb 
200 1 |a Ленин. Человек - мыслитель - революционер  |e Воспоминания и суждения современников  |f сост. С. Е. Гречихо ; О. А. Зимарин ; А. К. Сорокин 
210 |a Москва  |c Политиздат  |d 1990 
215 |a 574 с. 
320 |a Указ. имен: с. 547-569. 
600 1 |a Ленин  |b В. И.  |c настоящая фамилия Ульянов  |c российский политический деятель  |f 1870-1924  |g Владимир Ильич  |2 stltpush  |3 (RuTPU)RU\TPU\pers\1074  |9 486 
606 1 |a Ленинизм  |2 stltpush  |3 (RuTPU)RU\TPU\subj\68654  |9 83847 
610 1 |a Советский Союз 
610 1 |a 20 век 
610 1 |a воспоминания 
610 1 |a революционеры 
610 1 |a революция 
686 |a Т3(2)6-8Ленин353  |2 rubbk 
702 1 |a Гречихо  |b С. Е.  |4 220 
702 1 |a Зимарин  |b О. А.  |4 220 
702 1 |a Сорокин  |b А. К.  |4 220 
801 0 |a RU  |b RuMRKP  |c 19950417  |g psbo 
801 1 |a RU  |b 63413507  |c 20130117 
801 2 |a RU  |b 63413507  |c 20221219  |g RCR 
942 |c BK